Statistiques concernant Culture Générale - Série 336

Cliquez ici pour prendre le quiz!

Statistiques générales

  • Ce quiz a été pris 213 fois
  • Le résultat moyen est 6 sur 10

Statistiques - réponses

QuestionRéponse% Correct
Selon la pièce de Jean Giraudoux, "La guerre de Troie n'aura pas..."Lieu
90%
En football, quel terme italien désigne la période des transferts ?Le Mercato
85%
En France, quelle est la seule femme à avoir été Premier ministre ?Edith Cresson
82%
Quel concours créé en 1902 récompense les fabricants et les inventeurs ?Le concours Lépine
82%
Selon l'expression, de quelle couleur est la "ligne des Vosges" ?Bleue
77%
Dans quel sport la Française Isabelle Autissier s'est-elle illustrée ?La voile
60%
Quelle tarte niçoise aux oignons est garnie de filets d'anchois ?La pissaladière
50%
De quelle saga cinématographique "Retour en enfer" est-il le quatrième volet ?Die Hard
43%
Comment se prénomme la première femme de J.R. dans la série "Dallas" ?Sue Ellen
35%
De quelle série télévisée Jim Phelps est-il l'un des héros ? :Mission impossible
22%

Distribution des résultats

Percentile par nombre de réponses

% des personnes avec chaque résultat

Votre développement - résultats

Vous n’avez pas pris ce quiz